[Event "Medellin Sub zt 2.3.2"]
[Site "Medellin"]
[Date "2025.04.16"]
[Round "5"]
[White "Kiess Alfonso, Erwin S"]
[Black "Franco Garzon, Jhonier Dario"]
[Result "0-1"]
[WhiteElo "1554"]
[BlackElo "1899"]
[PlyCount "82"]
[EventDate "2025.04.14"]
[EventType "swiss"]
[EventRounds "9"]
[EventCountry "COL"]
[SourceTitle "CB18_2025"]
[SourceDate "2025.04.30"]
[SourceVersion "1"]
[SourceVersionDate "2025.04.30"]
[SourceQuality "1"]

1. e4 c5 2. Nc3 Nc6 3. f4 e6 4. Nf3 d5 5. exd5 exd5 6. d4 cxd4 7. Nxd4 Bc5 8. Nxc6 bxc6 9. Qe2+ Ne7 10. b3 0-0 11. Bb2 d4 12. Ne4 Bb4+ 13. c3 dxc3 14. Bxc3 Bxc3+ 15. Nxc3 Qa5 16. Qd2 Rd8 17. b4 Qb6 18. Na4 Qc7 19. Qf2 Qd6 20. a3 Bg4 21. Be2 Qd2+ 22. Kf1 Bxe2+ 23. Qxe2 Qxf4+ 24. Qf3 Qc4+ 25. Qe2 Qd4 26. Re1 Rd6 27. Qe3 Qc4+ 28. Qe2 Qd4 29. Qe3 Qc4+ 30. Qe2 Rf6+ 31. Kg1 Qd4+ 32. Qe3 Qxe3+ 33. Rxe3 Nd5 34. Rf3 a5 35. Rxf6 gxf6 36. Nc5 axb4 37. a4 Ra5 38. Ne4 b3 39. Kf2 Rxa4 40. Nc5 Ra2+ 41. Kf3 b2 0-1

[Event "Santiago de Cali U2000 op"]
[Site "Cali"]
[Date "2024.12.29"]
[Round "5"]
[White "Canchala Jimenez, Juan Manuel"]
[Black "Franco Garzon, Jhonier Dario"]
[Result "0-1"]
[WhiteElo "1817"]
[BlackElo "1873"]
[PlyCount "76"]
[EventDate "2024.12.27"]
[EventType "swiss"]
[EventRounds "7"]
[EventCountry "COL"]
[SourceTitle "CB01_2025"]
[SourceDate "2025.01.01"]
[SourceVersion "1"]
[SourceVersionDate "2025.01.01"]
[SourceQuality "1"]

1. e4 c5 2. Nc3 Nc6 3. f4 e6 4. Bc4 Nge7 5. d3 d5 6. Bb3 Nd4 7. Nf3 Nxb3 8. axb3 d4 9. Ne2 Nc6 10. 0-0 Be7 11. Bd2 b6 12. Qe1 Qc7 13. Qg3 g6 14. c3 Qd6 15. Ne5 Bb7 16. b4 f5 17. Nc4 Qd7 18. b5 Nd8 19. exf5 exf5 20. Kh1 Nf7 21. cxd4 cxd4 22. Nxd4 Qxd4 23. Bc3 Qd5 24. Rfe1 Kf8 25. Bxh8 Bh4 26. Qh3 Bxe1 27. Ne3 Qxd3 28. Rxe1 Nxh8 29. Qxh7 Nf7 30. Qxg6 Re8 31. Qg3 Qd2 32. h4 Nd6 33. h5 Ne4 34. Qh4 Nf2+ 35. Kh2 Ng4+ 36. Kh1 Rxe3 37. Rg1 Re1 38. Qxe1 Bxg2+ 0-1

[Event "Santiago de Cali U2000 op"]
[Site "Cali"]
[Date "2024.12.28"]
[Round "3"]
[White "Valle, Efrain"]
[Black "Franco Garzon, Jhonier Dario"]
[Result "0-1"]
[WhiteElo "1990"]
[BlackElo "1873"]
[PlyCount "114"]
[EventDate "2024.12.27"]
[EventType "swiss"]
[EventRounds "7"]
[EventCountry "COL"]
[SourceTitle "CB01_2025"]
[SourceDate "2025.01.01"]
[SourceVersion "1"]
[SourceVersionDate "2025.01.01"]
[SourceQuality "1"]

1. Nf3 c5 2. g3 b6 3. Bg2 Bb7 4. 0-0 h5 5. h3 Nf6 6. c3 h4 7. gxh4 e5 8. d3 Nh5 9. Qb3 Bxf3 10. exf3 Qxh4 11. Re1 Nc6 12. Re4 Qe7 13. f4 f5 14. Re1 0-0-0 15. Qa4 e4 16. dxe4 Rh6 17. Be3 Qh4 18. exf5 Bd6 19. Nd2 Nxf4 20. Bxf4 Bxf4 21. Qa6+ Kb8 22. Nf3 Qf6 23. Qd3 Rh5 24. b4 Rxf5 25. b5 Na5 26. Qe4 d5 27. Qe7 Bd6 28. Qxf6 gxf6 29. Re2 Nc4 30. a4 Be5 31. Rc1 Rg8 32. Kf1 Bf4 33. Rce1 Rd8 34. Re8 Bc7 35. Nh4 Nd2+ 36. Kg1 Rg5 37. Rxd8+ Bxd8 38. Kh1 Re5 39. Rxe5 fxe5 40. Nf3 Nxf3 41. Bxf3 e4 42. Bg4 Kc7 43. f3 e3 44. Kg2 Bf6 45. c4 dxc4 46. Kf1 Kd6 47. Ke2 Bg5 48. h4 Bf4 49. Bh5 Kd5 50. Bf7+ Kd4 51. h5 Kc3 52. Kd1 Kb4 53. h6 Bxh6 54. f4 Bxf4 55. Be6 Kxa4 56. Bxc4 Kb4 57. Be2 c4 0-1

[Event "Palmira op-B"]
[Site "Palmira"]
[Date "2022.12.17"]
[Round "7"]
[White "Franco Garzon, Jhonier Dario"]
[Black "Hernandez Jimenez, Xavi"]
[Result "1/2-1/2"]
[WhiteElo "1900"]
[BlackElo "1678"]
[PlyCount "113"]
[EventDate "2022.12.14"]
[EventType "swiss"]
[EventRounds "8"]
[EventCountry "COL"]
[SourceTitle "CBM 211 Extra"]
[Source "ChessBase"]
[SourceDate "2023.01.31"]
[SourceVersion "1"]
[SourceVersionDate "2023.01.31"]
[SourceQuality "1"]

1. d4 d5 2. c4 e6 3. Nf3 Nf6 4. Bg5 Nbd7 5. a3 Be7 6. Nc3 h6 7. Bd2 0-0 8. g4 c6 9. g5 hxg5 10. Nxg5 e5 11. e3 exd4 12. exd4 Re8 13. Be3 Nf8 14. Qf3 Bg4 15. Qg3 Bd6 16. Qg2 Bf4 17. Kd2 Rxe3 18. fxe3 Bxg5 19. h3 dxc4 20. hxg4 Qxd4+ 21. Kc2 Qxe3 22. Bxc4 Qf4 23. Qh3 Ng6 24. Bd3 Nh4 25. Raf1 Qxg4 26. Rfg1 Qf4 27. Rxg5 Qxg5 28. Qxh4 Qxh4 29. Rxh4 Re8 30. a4 g5 31. Rh3 Kg7 32. b4 g4 33. Rh1 Re5 34. a5 Nd5 35. Nxd5 Rxd5 36. Rh7+ Kf6 37. Bc4 Rd7 38. a6 bxa6 39. Rh6+ Kg5 40. Rxc6 g3 41. Rxa6 f5 42. Bd3 f4 43. Be4 Rd4 44. Ra5+ Kg4 45. Bf5+ Kh4 46. Kc3 g2 47. Rxa7 Rd1 48. Be4 g1Q 49. Rh7+ Kg5 50. Rg7+ Kf6 51. Rxg1 Rxg1 52. Kc4 Ke5 53. Ba8 Kd6 54. Kd4 Re1 55. b5 Kc7 56. Bc6 Kb6 57. Kd3 1/2-1/2

[Event "Palmira op-B"]
[Site "Palmira"]
[Date "2022.12.16"]
[Round "5"]
[White "Velez Alvarez, Laura Camila"]
[Black "Franco Garzon, Jhonier Dario"]
[Result "0-1"]
[WhiteElo "1748"]
[BlackElo "1900"]
[PlyCount "96"]
[EventDate "2022.12.14"]
[EventType "swiss"]
[EventRounds "8"]
[EventCountry "COL"]
[SourceTitle "CBM 211 Extra"]
[Source "ChessBase"]
[SourceDate "2023.01.31"]
[SourceVersion "1"]
[SourceVersionDate "2023.01.31"]
[SourceQuality "1"]

1. e4 e5 2. Nf3 Nf6 3. d4 d5 4. dxe5 Nxe4 5. Bd3 Nc5 6. Nc3 Be6 7. 0-0 Be7 8. Nd4 Nxd3 9. Qxd3 c5 10. Nxe6 fxe6 11. Qh3 Qd7 12. Qh5+ g6 13. Qe2 Nc6 14. Bf4 Nd4 15. Qd2 g5 16. Bg3 h5 17. f3 h4 18. Bf2 Nc6 19. Rfe1 h3 20. Rad1 0-0-0 21. Qe2 hxg2 22. Na4 b6 23. c4 d4 24. Bg3 Rhf8 25. Nc3 Rf5 26. Qe4 Rdf8 27. Rd3 a6 28. a3 Qb7 29. Nd1 Na5 30. b3 Rxf3 31. Qxb7+ Kxb7 32. Nb2 Rxd3 33. Nxd3 Nxb3 34. Kxg2 Na5 35. Rc1 Kc6 36. Nf2 b5 37. cxb5+ axb5 38. Ne4 Kd5 39. Nd2 Nc4 40. Nxc4 bxc4 41. Be1 Ra8 42. Ra1 Kxe5 43. Kf3 Kd5 44. a4 Rf8+ 45. Ke2 d3+ 46. Kd1 Bf6 47. Ra3 Bb2 48. Ra2 c3 0-1

[Event "Jamundi Valle Avanza op-B"]
[Site "Jamundi"]
[Date "2022.12.09"]
[Round "3"]
[White "Franco Garzon, Jhonier Dario"]
[Black "Ramirez, Andres Felipe"]
[Result "0-1"]
[WhiteElo "1900"]
[BlackElo "1762"]
[PlyCount "85"]
[EventDate "2022.12.08"]
[EventType "swiss"]
[EventRounds "7"]
[EventCountry "COL"]
[SourceTitle "EXT 2024"]
[Source "ChessBase"]
[SourceDate "2023.10.10"]
[SourceVersion "1"]
[SourceVersionDate "2023.10.10"]
[SourceQuality "1"]

1. e4 d5 2. exd5 Qxd5 3. d4 c6 4. c4 Qd8 5. Nc3 Nf6 6. Nf3 Bf5 7. Bd3 Bxd3 8. Qxd3 e6 9. Bg5 Be7 10. 0-0-0 0-0 11. h4 Nbd7 12. Rde1 Re8 13. g4 Nxg4 14. Qe2 h5 15. Ne4 Ndf6 16. Nc3 b5 17. c5 b4 18. Nd1 Qd5 19. Kb1 b3 20. a3 Qf5+ 21. Ka1 Qc2 22. Qa6 Ne4 23. Re2 Bxg5 24. Rxc2 bxc2 25. Ne3 Ngxf2 26. Rc1 Bxe3 27. Rxc2 Ng4 28. Qxc6 Nef6 29. Qa6 e5 30. dxe5 Nxe5 31. Nxe5 Rxe5 32. c6 Ree8 33. Re2 Bb6 34. Rc2 Nd5 35. Qb5 Rad8 36. a4 Bc7 37. Rc1 a5 38. Qc4 Nb4 39. Qb5 g6 40. Qb7 Re7 41. Qb5 Rb8 42. Qg5 Re5 43. Qg1 0-1

[Event "COL-ch U2000"]
[Site "Villamaria"]
[Date "2019.11.02"]
[Round "3"]
[White "Jaramillo, Carlos Orlando"]
[Black "Franco Garzon, Jhonier Dario"]
[Result "1-0"]
[WhiteElo "1943"]
[BlackElo "1824"]
[PlyCount "65"]
[EventDate "2019.11.01"]
[EventType "swiss"]
[EventRounds "7"]
[EventCountry "COL"]
[SourceTitle "CBM 193 Extra"]
[Source "ChessBase"]
[SourceDate "2020.01.31"]
[SourceVersion "1"]
[SourceVersionDate "2020.01.31"]
[SourceQuality "1"]

1. e4 e6 2. Ne2 c5 3. Nbc3 d5 4. exd5 exd5 5. d4 Be6 6. g3 Nf6 7. Bg2 Be7 8. 0-0 0-0 9. dxc5 Bxc5 10. Bg5 Nc6 11. Bxd5 Bxd5 12. Bxf6 Qxf6 13. Qxd5 Bb6 14. Kg2 Rfe8 15. Qf3 Qg6 16. Rac1 Ne5 17. Qxb7 Rab8 18. Qe4 f5 19. Qd5+ Kh8 20. Nf4 Qf6 21. Rce1 Rbd8 22. Qb5 a6 23. Qa4 Qf7 24. Qxa6 Rd6 25. Qb5 Bd4 26. Nd3 Rde6 27. Qd5 Nxd3 28. cxd3 f4 29. Rxe6 Rxe6 30. Qxd4 f3+ 31. Kg1 Qh5 32. Qd7 Qg6 33. Nd5 1-0

[Event "Cali Region-ch"]
[Site "Cali"]
[Date "2017.04.29"]
[Round "3"]
[White "Jimenez, Eduard"]
[Black "Franco Garzon, Jhonier Dario"]
[Result "1-0"]
[WhiteElo "1818"]
[BlackElo "1658"]
[PlyCount "77"]
[EventDate "2017.04.28"]
[EventType "swiss"]
[EventRounds "7"]
[EventCountry "COL"]
[SourceTitle "CBM 178 Extra"]
[Source "ChessBase"]
[SourceDate "2017.06.22"]
[SourceVersion "1"]
[SourceVersionDate "2017.06.22"]
[SourceQuality "1"]

1. e4 d6 2. d4 Nd7 3. Nf3 g6 4. Bd3 Bg7 5. Be3 e5 6. Nbd2 h6 7. Qe2 Ne7 8. Nc4 f6 9. h4 b5 10. Ncd2 c6 11. c3 a6 12. Nh2 f5 13. exf5 gxf5 14. Qh5+ Kf8 15. Bxf5 Nf6 16. Qf3 Nxf5 17. g4 Nxe3 18. fxe3 Ke8 19. Qxc6+ Bd7 20. Qxd6 Qe7 21. Qxe5 Qxe5 22. dxe5 Nxg4 23. 0-0-0 Nf2 24. Rhg1 Bxe5 25. Nhf3 Bc7 26. Rdf1 Nd3+ 27. Kc2 Nc5 28. Nd4 Kd8 29. b4 Ne6 30. Ne4 Nxd4+ 31. exd4 Re8 32. Nf6 Re2+ 33. Kd1 Rxa2 34. Rg8+ Ke7 35. Rg7+ Ke6 36. d5+ Ke5 37. Re7+ Kd6 38. Rxd7+ Ke5 39. Re7+ 1-0